Statistics for GTA V all story mode missions

Click here to take the quiz!

General Stats

  • This quiz has been taken 118 times
  • The average score is 20 of 50

Answer Stats

HintAnswer% Correct
opening missionthe prologue
85%
franklin's first missionfranklin and lamar
69%
lamars dogchop
68%
vagos shootoutrepossession
60%
michael does yoga with amandadid somebody say yoga
52%
tracey's first missiondaddy's little girl
51%
trevor's first missionmr phillips
51%
robbing a bank in paletothe paleto score
49%
rob the union depositorythe big score
48%
heist where you rob merryweatherthe merryweather heist
48%
chase laslow down to the LS riverfame or shame
47%
michael kills ceo of lifeinvaderfriend request
47%
trevor tortures mr k while michael assassinates someoneby the book
46%
rescue lamar at the foundrylamar down
45%
franklin and lamar get in gang shootoutthe long stretch
45%
the final missionthe third way
45%
franklin assassinates someone at a hotelhotel assassination
44%
trevor burns down the o'neill brothers farm housecrystal maze
43%
franklin rescues michael from the chinese gangfresh meat
43%
shootout at grove streethood safari
43%
jimmy loses his dad's boatfather son
41%
save amanda and tracey from merryweathermeltdown
41%
michael and trevor go back to north yanktonbury the hatchet
40%
michael gets in a shootout at a morguedead man walking
40%
michael reunites his familyreuniting the family
40%
ron's first mission with trevornervous ron
39%
raiding the bureauthe bureau raid
39%
franklin drives bus and assassinates someonethe bus assassination
39%
trevor goes back to los santosfriends reunited
38%
first heistthe jewel store job
36%
michael, trevor and franklin steal 3 supercarsi fought the law
34%
enter humane labs and steal nerve toxinmonkey business
33%
assassinate someone at a constrcution sitethe construction assassination
33%
trevor chases down smoking plane and steals something off itcaida libre
32%
trevor goes to vanilla unicorn after killing some peoplehang ten
32%
michael's wife is cheating on himmarriage counselling
32%
kill roccothe ballad of rocco
32%
intimidate rocco with your dangerous flying skillsmr richards
31%
trevor michael and franklin all do their first mission togetherthree's company
31%
steal cargo off a train while getting in a shootout with merryweatherderailed
30%
steal a z type from chad mulliganeye in the sky
30%
steal a JB700 off the back of a truck and deliver it to Mollypack man
29%
michael meets with dave norton before someone kills someone triggering a huge shootoutthe wrap up
28%
trevor's shootout along with cheftrevor phillips industries
28%
franklin must assassinate 4 targets within a time limitthe multi target assassination
24%
franklin steals car off movie setdeep inside
22%
wait for a stripper to enter a car and assassinate man driving the carthe vice assassination
20%
Molly dieslegal trouble
17%
trevor flys a velum into the back of a cargo plane and steals itminor turbulance
15%
franklin meets michaelcompliactions
1%

Score Distribution

Percentile by Number Answered

Percent of People with Each Score

Your Score History

You have not taken this quiz